000 00583nam a22001817a 4500
003 SISC
005 20160404152240.0
008 130822t xxu||||| |||| 00| 0 eng d
020 _a9719222166
050 _aHG 4521
_b.Sa22 2004
082 _aHS 332.6
_bEs7 2004
245 _aEssentials of investments in the Philippine capital market /
_cedited by; Rhoderick R. Santos [et al..]
260 _aLas Pinas City :
_bSouthville International School and Colleges,
_cc2004.
300 _a611 p. :
_bill. ;
_c23 cm.
650 _aInvestments
_99769
942 _2lcc
_cBK
999 _c8946
_d8946